| 000 | 01205nam a22002297a 4500 | ||
|---|---|---|---|
| 008 | 111010s2007 flu|||||r|||| 00| 0 eng d | ||
| 020 | _a084938317X | ||
| 020 | _a9780849383175 | ||
| 082 |
_222 _a338.9 _bEDW |
||
| 100 |
_927445 _aEdwards, Mary E. |
||
| 245 |
_aRegional and Urban Economics and Economic development : _bTheory and Methods / |
||
| 260 |
_aBoca Raton, FL : _bAuerbach Publications, 2007 _c2007 |
||
| 300 |
_axxxiii, 752 p. : _bill., maps ; _c25 cm |
||
| 504 | _aIncludes bibliographical references and index | ||
| 650 |
_910495 _aEconomic development. |
||
| 650 |
_927446 _aRegional economics |
||
| 653 |
_bEco _cOctober2011 |
||
| 942 |
_2ddc _cNB |
||
| 999 |
_c16118 _d16118 |
||